| 000 | 00453nam a22001577a 4500 | ||
|---|---|---|---|
| 003 | OSt | ||
| 008 | 250902b |||||||| |||| 00| 0 eng d | ||
| 041 | _aeng | ||
| 082 |
_a520 _bARU/MA |
||
| 100 |
_aArun D. I _97803 |
||
| 245 |
_aManushyanum bahirakasavum / _bമനുഷ്യനും ബഹിരാകാശവും |
||
| 260 |
_aThiruvananthapuram : _bChintha Publishers, _c2024. |
||
| 300 | _a264 p. | ||
| 700 |
_aSasikumar, P _97804 |
||
| 942 | _cBK | ||
| 999 |
_c19492 _d19492 |
||